Los 35 países con más musulmanes - Estadísticas

Estadísticas generales
  • Esta prueba ha sido intentada 97 veces
  • La puntuación promedio es 29 de 35
Respuestas en el mapa
Las respuestas están codificadas por una escala verde-roja en el mapa de la prueba según el % correcto abajo.
 
Estadísticas de respuestas
País Cantidad de musulmanes % Correcto
Egipto 90 000 000
99%
Pakistán 240 800 000
99%
Iran 82 500 000
98%
Marruecos 36 400 000
98%
India 200 000 000
96%
Arabia Saudita 31 500 000
95%
Irak 39 700 000
95%
Turquia 84 400 000
95%
Argelia 43 700 000
94%
Afganistan 37 000 000
93%
China 50 000 000
93%
Indonesia 236 000 000
92%
Rusia 16 000 000
92%
Siria 15 000 000
90%
Yemen 26 800 000
90%
Sudan 38 600 000
89%
Tunez 10 200 000
88%
Kazajistan 13 200 000
87%
Niger 21 100 000
87%
Nigeria 97 000 000
87%
Republica Democrática del Congo 12 800 000
84%
Etiopia 34 700 000
83%
Mali 17 500 000
83%
Somalia 11 000 000
81%
Uzbekistan 29 900 000
80%
Banglades 150 800 000
78%
Jordania 10 200 000
78%
Malasia 20 100 000
78%
Senegal 17 400 000
78%
Tanzania 19 400 000
66%
Azerbaiyán 10 100 000
65%
Costa de Marfil 11 300 000
54%
Burkina Faso 13 500 000
51%
Filipinas 12 000 000
49%
Guinea 10 600 000
49%
No se encontraron pruebas coincidentes
Distribución de puntuación
Porcentaje de gente con cada puntuación
Porcentaje por número respondido
Historial de tus puntuaciones
No has intentado esta prueba.